Doña Rosita la soltera o el lenguaje de las flores: Poema granadino del novecientos, dividido en varios jardines, con escenas de canto y baile (1935)

Uloženo v:
Podrobná bibliografie
Hlavní autor: García Lorca, Federico
Médium: Kniha
Jazyk:Undetermined
Vydáno: Buenos Aires, Argentina Losada 1969
Vydání:9 edición
Témata:
Tagy: Přidat tag
Žádné tagy, Buďte první, kdo vytvoří štítek k tomuto záznamu!

MARC

LEADER 00000nam a2200000Ia 4500
008 170316s9999 xx 000 0 und d
040 |a cru BVZT 
090 |a 862 G-13d 
100 |a García Lorca, Federico 
245 |a Doña Rosita la soltera o el lenguaje de las flores: Poema granadino del novecientos, dividido en varios jardines, con escenas de canto y baile (1935) 
250 |a 9 edición 
260 |a Buenos Aires, Argentina 
260 |b Losada 
260 |c 1969 
300 |a 127 páginas 
650 |a LITERATURA ESPAÑOLA 
650 |a POEMA 
999 |c 9876  |d 9876 
942 |c 15 D  |h 862 G-13d  |2 z